| 000 | 01303nam a2200325 a 4500 | ||
|---|---|---|---|
| 999 |
_c4744 _d4744 |
||
| 001 | 010761779 | ||
| 003 | ALUPE UNIVERSITY | ||
| 005 | 20220328100351.0 | ||
| 008 | 930427s1992 stka b 101 0 eng d | ||
| 010 | _aLC 92-49838 | ||
| 020 | _a044304645X | ||
| 035 | _aCURL 980092049838(Lc ) from rmc232 | ||
| 040 | _cALUPE UNIVERSITY | ||
| 050 | 0 |
_aRD578 _b.C66 1992 |
|
| 060 | 0 | _aWJ 168 C762 | |
| 092 | _aD0500858177 | ||
| 245 | 0 | 0 |
_aContinent urinary diversion / _cedited by R. Hohenfellner, R. Wammack |
| 260 |
_aEdinburgh : _bChurchill Livingstone, _cc1992. |
||
| 300 |
_axii, 326 p. : _bill. ; _c25 cm. |
||
| 500 | _a"Part of the continuing SIU series summarizing the presentations made at the round-table conference ... during the 22nd Meeting of the Société Internationale d'Urologie in Seville, Spain." - Pref. | ||
| 504 | _aIncludes bibliographies and index | ||
| 650 | 0 |
_aUrinary diversion _xComplications _xCongresses |
|
| 650 | 0 |
_aUrinary diversion _xCongresses |
|
| 700 | 1 | _aHohenfellner, Rudolf. | |
| 700 | 1 |
_aWammack, R. _q(Robert) |
|
| 710 | 2 |
_aInternational Society of Urology. _bCongress _n(22nd : _d1991 : _cSeville, Spain) |
|
| 830 | 0 |
_aSociété internationale d'urologie reports ; _v2. |
|
| 942 |
_2lcc _cBK _nCM |
||